| 000 | 01080cab a2200277 4500 | ||
|---|---|---|---|
| 001 | ABS51304 | ||
| 008 | 090401t1994 xxu||||| |||| 00| 0 eng d | ||
| 035 | _a(Sirsi) u20914 | ||
| 041 | _aeng | ||
| 100 | _aFrench, N. | ||
| 245 | _aAsset registers and asset rents for local authorities: a viable property management tool | ||
| 260 | _c1994 | ||
| 350 | _a0 | ||
| 490 |
_aProperty Management _v12(3) 1994, 15-23(9) |
||
| 520 | _aConsiders the management of the valuation exercise required of local authorities to enable them to include asset valuations in their balance sheets after 1994. Examines the problems and opportunities which may come with the development of an asset register and asset rents, and, in particular, the valuation principles to be employed. | ||
| 650 | _aASSET REGISTERS | ||
| 650 | _aASSET RENTS | ||
| 650 | _aLOCAL AUTHORITIES | ||
| 650 | _aPROPERTY ASSETS | ||
| 650 | _aRICS APPRAISAL AND VALUATION MANUAL | ||
| 650 | _aVALUATION ISSUES | ||
| 650 | _aWHITE BOOK | ||
| 690 | _aRATING AND VALUATION | ||
| 942 | _n0 | ||
| 948 | _c04/03/1997 | ||
| 999 |
_c14022 _d14022 |
||